000 02268nam0a2200397 4500
001 RU\NLR\BIBL_A\010918700
005 20250624201756.0
010 _a978-5-9530-0428-2
_9165
021 _aRU
_b2015-89835
_95532
035 _a(NILC)RuMoRGB-008074715
035 _a(NLR Aleph) 010918700
090 _a10666103
_c10666103
100 _a20151204d2015 |||y0rusy50 ca
101 0 _aeng
102 _aRU
105 _aac z 100yy
200 1 _aCondensed matter research at the IBR-2
_eInternational conference, Dubna, October 11-15, 2015
_ebook of abstracts
_f[ed. Yu. E. Gorshkova]
210 _aDubna
_cИздательский отдел Объединенного института ядерных исследований
_d2015
215 _a146 с.
_cил., цв. ил., портр.
_d22
300 _aВ вып. дан.: Исследования конденсированных сред в реакторе ИБР-2: сборник аннотаций Международной конференции
300 _aВ надзаг.: Joint inst. for nuclear research
320 _aБиблиогр. в конце аннот.
517 1 _aИсследования конденсированных сред в реакторе ИБР-2
_eсборник аннотаций Международной конференции
541 1 _aИсследования конденсированных сред на реакторе ИБР-2
_zrus
606 1 _aИБР-2, ядерные реакторы
_jСъезды, совещания и т.п
_92182352
_3RU\NLR\AUTH\661312286
606 _aКонденсированное состояние вещества
_jСъезды, совещания и т.п
_xИсследование
_xЯдерно-физические методы
_92164215
_3RU\NLR\AUTH\661302282
686 1 _aЗ466.703я431(0)
686 1 _aВ36я431(0)
686 1 _aВ37я431(0)
702 1 _aGorškova
_bJu. E.
_gJulija Evgen'evna
_4340
711 1 2 _7ba
_8eng
_a"Condensed matter research at the IBR-2", international conference
_eDubna
_f2015
_9507972
_3RU\NLR\AUTH\880421526
801 0 _aRU
_bРГБ
_c20151119
_gRCR
942 _cBOOK
980 _aNB